000 00667nam a2200205Ia 4500
003 GCL
008 140319s9999 xx 000 0 ara d
040 _aGCL /
_cGCL
082 0 4 _a812.009
_bن م
100 1 _aنجوى ابراهيم عانوس
245 1 0 _aمسرح يعقوب صنوع /
_cنجوى ابراهيم عانوس
260 _a[S.N] :
_bالهيئة المصرية العامة للكتاب ،
_c1984
300 _a259 ص
490 _aدراسات ادبية
_v0
650 0 4 _aالتأليف المسرحى
650 0 4 _aالتأليف
650 0 4 _aالمسرح العربى
650 0 4 _aالمسرحيات العربية
942 _2ddc
_cBK
999 _c27847
_d27847